Normal view
MARC view
Entry Nombre de reunión
001 - NÚMERO DE CONTROL
- campo de control: 226720
003 - IDENTIFICADOR DE NÚMERO DE CONTROL
- campo de control: ES-MaACL
005 - FECHA Y HORA DE LA ÚLTIMA TRANSACCIÓN
- campo de control: 20230621132756.0
008 - ELEMENTOS DE DATO DE LONGITUD-FIJA
- campo de control de longitud fija: 230621|| aca||aabn | a|a d
040 ## - FUENTE DE CATALOGACIÓN
- Centro catalogador/agencia de origen: ES-MaACL
- Centro/agencia transcriptor: ES-MaACL
111 ## - ENCABEZAMIENTO--NOMBRE DE CONGRESO/REUNIÓN
- Nombre de congreso/reunión o jurisdicción como elemento de entrada: Premio Ciudad de Alcalá (
- Número del congreso/reunión o número de parte o sección: 34º.
- Fecha del congreso o de la firma del tratado: 2003.
- Sede del congreso/Lugar de la reunión: Alcalá de Henares
670 ## - FUENTE DE DATOS ENCONTRADOS
- Cita de la fuente: Work cat.: (ES-MaACL)67082: Premio Ciudad de Alcalá ( 34º. 2003. Alcalá de Henares. , Exposición XXXIV Edición "Premio Ciudad de Alcalá" de Pintura , [2003]
